Państwa Na Literę W - Statystyki

Ogólne statystyki
  • Ten quiz został rozwiązany 157 razy
  • Średni wynik to 7 z 10
Statystyki odpowiedzi
Państwo % Poprawnych
Włochy
88%
Wietnam
85%
Wenezuela
84%
Watykan
78%
Wielka Brytania
69%
Węgry
61%
Wyspy Marshalla
48%
Wyspy Salomona
48%
Wyspy Świętego Tomasza i Książęca
48%
Wybrzeże Kości Słoniowej
43%
Nie znaleziono quizów pasujących do podanych kryteriów
Rozkład punktacji
Procent ludzi z każdym wynikiem
Percentyl według liczby udzielonych odpowiedzi
Twoja historia wyników
Nie rozwiązałeś tego quizu